000
00385nam a2200133Ia 4500
008
100328s9999 xx 000 0 und d
082
_b
61067
100
_a
कुलकर्णी श्यामला.
245
_a
अमोल फुले.
260
_b
माुश्री.
630
_a
अमोल फुले.
730
_a
अमोल फुले.
942
_c
BOOK
999
_c
547173
_d
547170